000 00972nam a22002537a 4500
005 20170124103015.0
010 _aA-702590
020 _c60.00
035 _aA-702590
037 _bCen Lib/Ret
040 _aDPL
_bHN
082 _a
_bशर्माक्षि
100 _aशर्मा, क्षितिज
_958713
245 _aसमय कम है /
_cक्षितिज शर्मा
246 _aSamay kam hai /
_bby Shitij Sharma
260 _aदिल्ली
_bसुनील साहित्य सदन
_c1994
270 _bदिल्ली
_aए-101, उत्तरी घोंडा
_e110053
300 _a142पृ.
_c17सेमी (सजिल्द)
650 _aहिन्दी -- साहित्य
_958714
650 _aहिन्दी -- कहानी
_9779
650 _aHindi -- Literature
_958715
650 _aHindi -- Story
_943117
942 _2ddc
_cHN
_h
_mशर्माक्षि
999 _c114861
_d114861